00402nam a2200157Ia 45000010006000000050017000060080041000230410008000640820017000721000027000892450068001162600009001843000035001936500008002286540008002361441020260306164912.0260306t2015||||xx |||||||||||||| ||spa|| aESP a515.35bB169 aBoyce, William E.eAUT 0aEcuaciones diferenciales y problemas con valores en la frontera c2015 axviii, 789 páginas :c25 cm. aGEN aCMA